000 00625nam a22002057a 4500
003 NUST
005 20230126150416.0
008 190705b ||||| |||| 00| 0 eng d
038 _aMr.Atta
082 _a510
100 _aHayat, Sakander
_916790
245 _aOn Topological Indices of certain Graphs and Networks
_cSakander Hayat
260 _aIslamabad :
_bSNS - NUST,
_c2014.
300 _a90 p. ; ill. ;
_c30cm.
500 _aHardcover.
650 _aMathematics - M.Phil Thesis
_916594
700 _aDr. Muhammad Imran
_916644
856 _uhttp://10.250.8.41:8080/xmlui/handle/123456789/4117
942 _2ddc
_cTHE
999 _c525847
_d525847